Divyangata se grasth chatro ke shiksha ka parichaya (Record no. 393808)

MARC details
000 -LEADER
fixed length control field 00588 a2200217 4500
005 - DATE & TIME
control field 20260102113703.0
008 - FIXED-LENGTH DATA ELEMENTS--GENERAL INFORMATION
fixed length control field 260102b |||||||| |||| 00| 0 eng d
020 ## - ISBN
International Standard Book Number 9789349202658
Price Rs. 500.00
040 ## - CATALOGING SOURCE
Original cataloging agency VIVEKANANDA LIBRARY
082 ## - DDC NUMBER
Classification number 371.9
Book Number S58D
100 ## - MAIN ENTRY--PERSONAL NAME
Personal name Sangeeta
245 ## - TITLE STATEMENT
Title Divyangata se grasth chatro ke shiksha ka parichaya
260 ## - PUBLICATION, DISTRIBUTION, ETC. (IMPRINT)
Name of publisher, distributor, etc V R Book International
Date of publication, distribution, etc 2025
Place of publication, distribution, etc New Delhi
300 ## - PHYSICAL DESCRIPTION
Pages xi, 127
650 ## - Subject
Subject Education
650 ## - Subject
Subject Special Education
650 ## - Subject
Subject Inclusive Education
650 ## - Subject
Subject Learning Disabilities
700 ## - Added Entry Personal Name
Added Entry Personal Name Yadav, Priyanka
942 ## - ADDED ENTRY ELEMENTS (KOHA)
Koha item type Books
Holdings
Withdrawn status Lost status Source of classification or shelving scheme Damaged status Not for loan Location (home branch) Sublocation or collection (holding branch) Shelving location Date acquired Koha issues (times borrowed) Koha full call number Accession No. Koha date last seen Koha item type
    Dewey Decimal Classification     VIVEKANANDA LIBRARY VIVEKANANDA LIBRARY Centre for Disability Studies 03/12/2025   371.9 S58D 443467 03/12/2025 Books
    Dewey Decimal Classification     VIVEKANANDA LIBRARY VIVEKANANDA LIBRARY Centre for Disability Studies 03/12/2025   371.9 S58D 443464 03/12/2025 Books
    Dewey Decimal Classification     VIVEKANANDA LIBRARY VIVEKANANDA LIBRARY Centre for Disability Studies 03/12/2025   371.9 S58D 443466 03/12/2025 Books
    Dewey Decimal Classification     VIVEKANANDA LIBRARY VIVEKANANDA LIBRARY Centre for Disability Studies 03/12/2025   371.9 S58D 443465 03/12/2025 Books
    Dewey Decimal Classification     VIVEKANANDA LIBRARY VIVEKANANDA LIBRARY Centre for Disability Studies 03/12/2025   371.9 S58D 443468 03/12/2025 Books
© Designed and Maintained by Vivekananda Library, MDU Rohtak